| 000 | 00806nam a2200277 a 4500 | ||
|---|---|---|---|
| 005 | 20140311163030.0 | ||
| 008 | 040611s19uu xx 00 eng d | ||
| 020 | _a9789810698904 | ||
| 050 |
_aQP 34.5 _b.M455 2008 |
||
| 100 | _aMarieb, Elaine N. | ||
| 245 |
_aEssentials of human anatomy & physiology : _blaboratory manual / _cElaine N. Marieb. |
||
| 250 | _a2nd ed. | ||
| 260 |
_aSingapore : _bBenjamin Cummings, _c2008. |
||
| 300 |
_a390 p. : _bill. ; _c25 cm. |
||
| 500 | _aIncludes bibliographical references and index. | ||
| 521 | _aNUR | ||
| 650 |
_aHuman anatomy _xLaboratory manuals. |
||
| 650 |
_aPhysiology _xLaboratory manuals. |
||
| 942 |
_cBK _2lcc _kFOR |
||
| 999 |
_c39626 _d39626 |
||